Frankfurt macht Frieden - mit der wohl längsten Kranichkette der Welt / (Titelsatznr. 370743)
[ MARC ]
| 000 -Satzkennung | |
|---|---|
| Kontrollfeld mit fester Länge | 00533nab a2200193 4500 |
| 001 - Kontrollnummer | |
| Kontrollfeld | 242935 |
| 003 - Kontrollnummer Identifier | |
| Kontrollfeld | OSt |
| 005 - Datum und Zeit der letzten Transaktion | |
| Kontrollfeld | 20210907114902.0 |
| 007 - Feld mit fester Länge zur physischen Beschreibung - Allgemeine Information | |
| Kontrollfeld mit fester Länge | tu |
| 008 - Feld mit fester Länge zur physischen Beschreibung - Allgemeine Angaben | |
| Kontrollfeld mit fester Länge | 190522s2019||||||| |
| 040 ## - Katalogisierungsquelle | |
| Original-Katalogisierungsstelle | DE-2950 |
| Übertragungsstelle | DE-2950 |
| 245 00 - Titel | |
| Titel | Frankfurt macht Frieden - mit der wohl längsten Kranichkette der Welt / |
| Verfasserangabe etc. | Stefan Kunath |
| 264 ## - Produktion, Veröffentlichung, Distribution, Herstellung und Urheberrechtsvermerk | |
| Datum der Herstellung, der Veröffentlichung, des Vertriebs oder des Urheberschutzvermerks | 2019 |
| 500 ## - Allgemeine Fußnote | |
| Allgemeine Fußnote | Format: 1 |
| 525 ## - Fußnote zu Beilagen | |
| Fußnote zu Beilagen | Enthaltene Fotografien: Foto |
| 653 ## - Indexierungsterm - Nicht normiert | |
| Nicht-normierter Term | Atombombenabwurf auf Hiroshima / 76. Jahrestag |
| 773 0# - Übergeordnete Einheit | |
| Verknüpfungsangaben | 26. August, 8/2021, S. 6 |
| Titel | Roter Hahn |
| 942 ## - Zusätzliche Felder (Koha) | |
| Klassifikation oder Aufstellungssystematik | Andere/Generische Klassifikation |
| Koha-Medientyp | Aufsätze |
| Ausgeschieden | Verloren | Klassifikation oder Aufstellungssystematik | Beschädigt | Nicht entleihbar | Heimatbibliothek | Aufenthaltsbibliothek | Aufstellungsort | Erwerbungsdatum | Anzahl Ausleihen | Signatur | Letzte Aktivität | Preis gültig von | Koha-Medientyp |
|---|---|---|---|---|---|---|---|---|---|---|---|---|---|
| Andere/Generische Klassifikation | Stadtarchiv Frankfurt (Oder) | Archivbibliothek | Stadtarchiv Frankfurt (Oder) | Archivbibliothek | Magazin | 07/09/2021 | IV: 1042 | 07/09/2021 | 07/09/2021 | Aufsätze |